LDR 00812naa#a2200157#i#450# 001 RU\\bibl\111907 005 20260413175345.1 011 ## _a2782-4799 100 ## _a20260410b2026####ek#y0rusy0150####ca 102 ## _aRU 200 1# _aПриложения для цифрового сбора и анализа анамнеза как средство обучения иностранных студентов-медиков профессиональной коммуникации на русском языке _eЖурнальная статья 210 1# _aКемерово _cКемеровский государственный университет _d2026 215 ## _a13 с. 608 ## _aЖурнальная статья _2local 700 #1 _aДрейфельд _gОксана Викторовна 856 4# _ajcenter.kemsu.ru _u